Geography Quiz

Random Geography or World Quiz

Flags of the World Venn Diagram II Quiz Stats

 Plays Quiz not verified by Sporcle

Score 0/8 Timer 02:00
9 Plays Today
% Correct
Pakistan
87.2%
Nigeria
84.1%
Malaysia
80.3%
Saudi Arabia
74.3%
Tunisia
73.6%
South Sudan
71.6%
Mauritania
65.2%
Oman
62.1%

You're not logged in!

Compare scores with friends on all Sporcle quizzes.
OR
Log In

Show Comments

Extras

Top Quizzes Today


Score Distribution

Your Account Isn't Verified!

In order to create a playlist on Sporcle, you need to verify the email address you used during registration. Go to your Sporcle Settings to finish the process.

Report this User

Report this user for behavior that violates our Community Guidelines.

Details: